Online
Catalog

Este negro nuestro a quien debemos querer / (Record no. 25914)

MARC details
000 -CABECERA
campo de control de longitud fija 00856nam a2200229 a 4500
001 - NÚMERO DE CONTROL
campo de control 000026422
005 - FECHA Y HORA DE LA ÚLTIMA TRANSACCIÓN
campo de control 20240226145041.0
008 - DATOS DE LONGITUD FIJA--INFORMACIÓN GENERAL
campo de control de longitud fija 110317s1978 dr c 000 0 spa d
040 ## - FUENTE DE LA CATALOGACIÓN
Centro catalogador/agencia de origen DO-SdBNP
Lengua de catalogación spa
Centro/agencia transcriptor BNPHU
082 ## - NÚMERO DE LA CLASIFICACIÓN DECIMAL DEWEY
Número de clasificación 970.00496
Número de documento/Ítem L453e
100 1# - ENTRADA PRINCIPAL--NOMBRE DE PERSONA
Nombre de persona Lebrón Saviñón, Carlos,
Fechas asociadas al nombre 1924-
9 (RLIN) 29195
245 10 - MENCIÓN DE TÍTULO
Título Este negro nuestro a quien debemos querer /
Mención de responsabilidad, etc. Carlos Lebrón Saviñón ; prólogo Enrique Patín Veloz.
260 ## - PUBLICACIÓN, DISTRIBUCIÓN, ETC.
Lugar de publicación, distribución, etc. Santo Domingo :
Nombre del editor, distribuidor, etc. Cultural Dominicana,
Fecha de publicación, distribución, etc. 1978.
300 ## - DESCRIPCIÓN FÍSICA
Extensión 267 p. :
Otras características físicas retrs. ;
Dimensiones 21 cm.
500 ## - NOTA GENERAL
Nota general Incluye datos biográficos del autor en la contracubierta
504 ## - NOTA DE BIBLIOGRAFÍA, ETC.
Nota de bibliografía, etc. Bibliografía: p. 265-267
590 ## - NOTA LOCAL (RLIN)
Nota local Inventariado, 2020/YL
650 #4 - PUNTO DE ACCESO ADICIONAL DE MATERIA--TÉRMINO DE MATERIA
Término de materia o nombre geográfico como elemento de entrada Negros
Subdivisión geográfica América
9 (RLIN) 53466
650 #4 - PUNTO DE ACCESO ADICIONAL DE MATERIA--TÉRMINO DE MATERIA
Término de materia o nombre geográfico como elemento de entrada Negros
Subdivisión geográfica República Dominicana
9 (RLIN) 2558
700 12 - PUNTO DE ACCESO ADICIONAL--NOMBRE DE PERSONA
Nombre de persona Patín Veloz, Enrique
Término indicativo de función/relación pról.
9 (RLIN) 3425
910 ## - DATOS DE OPCIÓN DEL USUARIO (OCLC)
Datos de opción del usuario Validado. Control de calidad MFF
Holdings
Estado de retiro Estado de pérdida No para préstamo Código de colección Localización permanente Ubicación/localización actual Ubicación en estantería Fecha de adquisición Número de inventario Total de préstamos Signatura topográfica completa Código de barras Fecha visto por última vez Precio válido a partir de Tipo de ítem Koha
    Excluido de préstamo Patrimonio Dominicano Patrimonio Dominicano Patrimonio Dominicano Depósito 17.03.2011 LF1   970.00496 L453e 26422-10 25.06.2020 25.06.2020 Libro y Folleto Colección Patrimonio Dominicano

Powered by Koha